00512nam a2200181 a 4500001001300000003000900013005001700022008004100039020002200080082001500102100001700117245007000134260004700204300000900251500003500260650001800295700001700313nice12345678IN_TiNIC20260116014459.0070306s2005 newa grp 000 0 eng  a8176494569 c9900a302.2bFLY aFlynn, Nancy aNetworking for SuccessbThe Art of Establishing Personal Contacts aNew Delhi bViva Books, 3rd Edition c2005 a100p aincludes index and biblioraphy aCommunication1 aFlynn, Nancy